[Event "Torshavn op 3rd"]
[Site "Torshavn"]
[Date "2000.10.13"]
[Round "8"]
[White "Stefansson, Hannes"]
[Black "Psakhis, Lev"]
[Result "1-0"]
[WhiteElo "2557"]
[BlackElo "2611"]
[Annotator "Psakhis,L"]
[PlyCount "63"]
[EventDate "2000.10.06"]
[Source "ChessBase"]
[SourceDate "2000.11.10"]

1. e4 e6 2. d4 d5 3. Nc3 Bb4 4. e5 Ne7 5. a3 Bxc3+ 6. bxc3 c5 7. Qg4 O-O 8. Bd3
Nbc6 9. Qh5 Ng6 10. Nh3 Qc7 11. Be3 (11. O-O c4 12. Be2 f6 13. f4 Qf7 14. a4
Nge7 15. Ba3 Qxh5 16. Bxh5 f5 17. a5 a6 18. Rfb1 g6 19. Be2 Re8 20. Kf2 20...
Na7 {1-0 Almasi,Z-Holzke,F/Elekes Memorial 1993 (39)}) 11... c4 (11... Nce7 12.
f4 Qa5 13. Bd2 Qa4 14. g4 c4 15. Be2 Qxc2 16. Rc1 Qb2 17. Ng5 h6 18. Nh3 f6 19.
g5 hxg5 20. exf6 Rxf6 21. Nxg5 21... Nf8 {
-  Polgar,J-Hillarp Persson,T/Malmoe 2000/The Week in Chess 290 (39)}) 12. Bxg6
fxg6 13. Qh4 $6 $146 (13. Qg4 Rf5 14. Nf4 Qf7 15. h4 Ne7 16. h5 gxh5 17. Nxh5
Qg6 18. Qxg6 { -  Joachim,S-Libeau,R/Gladenbach tt 1996/ (18)}) 13... b5 14.
O-O Bd7 15. f3 a5 16. Bd2 Qb6 17. Kh1 b4 18. Rfb1 b3 19. a4 Rfb8 (19... Rab8 $5
20. cxb3 cxb3 21. Ra3 b2 22. Ra2 Qb3 23. Raxb2 Qxb2 24. Rxb2 Rxb2 25. Be3 25...
Ra2 $36) 20. cxb3 cxb3 21. Rb2 Qa6 22. Ng5 $5 22... h6 23. Nh3 g5 24. Qg4 Rb7
25. f4 $1 25... Rf8 $5 26. Kg1 (26. fxg5 $5 26... Rf1+ 27. Rxf1 Qxf1+ 28. Ng1
hxg5 29. Bxg5 $132) 26... Qc4 $1 27. fxg5 Nxe5 28. Qg3 Nd3 29. gxh6 Bxa4 30.
Rbb1 (30. Rxa4 Nxb2 (30... Nc1 31. Nf4) 31. Rxc4 Nxc4 32. Bc1 32... Rf6 $17)
30... Bb5 $4 $138 (30... Nc1 $5 31. Rxc1 b2 32. Nf4 Bb5) (30... b2 $1 31. Rxa4
31... Nc1 $1 (31... Qxa4 32. hxg7 (32. Qxd3 Qb5 33. Qe3 (33. Nf4 Qxd3 (33...
Rxf4 34. Qxb5 Rxb5 35. Bxf4 a4 36. Bd6) 34. Nxd3 34... a4 $19) 33... Rbf7 34.
Nf4 (34. Qxe6 34... Qd3 $19) 34... Rxf4 35. Qxe6+ 35... R4f7 $19) 32... Rf6 $5
(32... Rf1+ $6 33. Rxf1 (33. Kxf1 33... Qc2 $19) 33... b1=Q 34. Qf3 34... Qxf1+
$8 35. Qxf1 Rxg7 (35... Rf7 36. Qb1 Rb7 (36... Qc4 37. Bh6) 37. Qxd3 Qd1+ 38.
Kf2 Rf7+ 39. Ke3 Qg4) 36. Qxd3 Qd1+ 37. Kf2 37... Rf7+ $13) 33. Qxd3 Qc4 34.
Qg3 Qe2 35. Qe5 Qd3 36. Qe1 a4 37. Bg5 37... Rff7 $17) 32. Qe1 (32. Qxg7+ Rxg7
33. Rxc4 Ne2+ 34. Kh1 34... Rgf7 $19) (32. Nf4 Qxa4) (32. Kh1 Rf1+ 33. Ng1 Qxa4
34. Rxb2 $140 34... Ne2 $19) (32. Rxc4 Ne2+ 33. Kh1 Nxg3+ 34. hxg3 34... dxc4
$19) 32... Qxa4 (32... Ne2+ 33. Kh1 Qxa4 34. Qxe2) 33. Bxc1 bxc1=Q 34. Rxc1
34... Qe8 $17) 31. Qd6 31... Qc6 $4 $138 (31... Re8 32. Rxa5 32... b2 $14) 32.
h7+ 1-0

[Event "FIDE-Wch k.o."]
[Site "New Delhi/Teheran"]
[Date "2000.12.04"]
[Round "3.2"]
[White "Anand, Viswanathan"]
[Black "Lputian, Smbat G"]
[Result "1-0"]
[WhiteElo "2762"]
[BlackElo "2598"]
[Annotator "Psakhis,L"]
[PlyCount "89"]
[EventDate "2000.11.27"]
[Source "ChessBase"]
[SourceDate "2001.03.20"]

1. e4 e6 2. d4 d5 3. Nc3 Bb4 4. e5 c5 5. a3 Bxc3+ 6. bxc3 Ne7 7. Qg4 O-O 8. Bd3
Nbc6 9. Qh5 Ng6 10. Nf3 Qc7 11. Be3 Nce7 12. h4 (12. O-O c4 13. Be2 (13. Bxg6
fxg6 14. Qg4 Bd7 15. Bg5 Nf5 16. Nh4 Ba4 17. Ra2 Qf7 18. Qh3 h6 19. Nxf5 gxf5
20. Bf4 Kh7 21. g3 21... Qg6 $15 {
-  Perunovic,M-Drasko,M/YUG-ch Subotica 2000/ (60)}) 13... Bd7 14. Ng5 h6 15.
Nh3 Qa5 16. Bd2 b5 17. Rfe1 a6 18. g4 Bc6 19. g5 hxg5 20. Nxg5 Rfc8 21. Qh7+
Kf8 22. h4 $36 {1-0 Maliangkay,R-Van de Lagemaat,J/corr 1995 (40)}) (12. dxc5
12... b6 $1 13. O-O bxc5 14. Ng5 h6 15. Nf3 f5 16. exf6 Rxf6 17. Nh4 Nxh4 18.
Qxh4 e5 19. f3 19... Bf5 $15 {
0-1 Gutov,A-Ivanov,S/RUS t-ch St.Petersburg 1999/CBM 71 (34)}) 12... Bd7 13. a4
({Maybe} 13. Qg5 $5 {produces more problems for Black -} 13... f6 14. exf6 gxf6
15. Qg3 (15. Qh6 $5) 15... Qxg3 16. fxg3 c4 17. Bxg6 Nxg6 18. h5 Ne7 19. Kd2
$14 {1-0 Rowson,J-Hillarp Persson,T/York Viking GM-A 2000/ (33)}) 13... f5 14.
exf6 ({Surely not} 14. g4 $2 14... Be8 $5 {and white's queen is in danger} (
14... Nf4 15. Qg5 (15. Bxf4 Be8 16. Qg5 16... h6 $19) 15... Nxd3+ 16. cxd3
16... cxd4 $36) 15. Ng5 h6 16. Nxe6 16... Qa5) 14... Rxf6 15. O-O (15. dxc5
15... e5 $36) 15... c4 16. Bxg6 (16. Be2 $2 16... Rf5 17. Qg4 (17. Ng5 h6)
17... e5) 16... Nxg6 17. Qg5 17... e5 $5 (17... h6 18. Qg3 Qxg3 19. fxg3 19...
h5 {Doesn't look too bad for Black, but Lputian prefers more complicated line.}
) (17... Raf8 18. h5 h6 (18... Rf5 19. Qg3 19... Nf4 $5 (19... Qxg3 20. fxg3
Ne7 21. g4) 20. Bxf4 Qxf4 21. Qxf4 Rxf4 22. Ne5 Be8 23. g3 Re4) 19. Qg3 Qxg3
20. fxg3 Ne7 21. a5 $36) 18. dxe5 (18. h5 $1 18... Rf5) 18... Rxf3 $1 {
Typical exchange sacrifice.} 19. gxf3 Rf8 20. Qg3 (20. f4 Rf5 21. Qg3 21... Qa5
$44 (21... Rh5 22. Qf3)) 20... Qxe5 (20... Nxe5 $2 21. Bd4 Nxf3+ 22. Kg2 Qxg3+
23. fxg3 Nxd4 24. Rxf8+ Kxf8 25. cxd4 $16) 21. Qxe5 Nxe5 22. Rfd1 Nxf3+ 23. Kf1
Rf5 (23... Bh3+ 24. Ke2 Bg4 25. Rxd5 Nxh4+ 26. Kd2 $14) 24. Bxa7 Rh5 (24... Re5
$5 25. Kg2 $5 25... Nxh4+ 26. Kg3 Nf5+ 27. Kh2 $14) 25. Ke2 25... Bg4 26. Rdb1
$1 26... Nxh4+ 27. Kd2 $6 (27. Ke3 $142 {Anand} 27... Re5+ $140 28. Kd4 Nf3+
29. Kc5 $16) 27... Nf3+ 28. Kc1 (28. Ke3 $5 28... Re5+ 29. Kf4 {and it is not
easy to find how Black can explore too active position of White monarch.})
28... d4 $5 (28... Rh1+ 29. Kb2 Rxb1+ 30. Rxb1 $14) 29. Rb5 (29. Rxb7 $5 29...
dxc3 (29... Rh1+ 30. Kb2 dxc3+ 31. Ka2 $18) 30. Kb1) (29. cxd4 $4 29... c3 $19)
(29. Bxd4 $4 29... Nxd4 30. cxd4 30... c3 $19) 29... Rxb5 (29... Rh1+ 30. Kb2
dxc3+ 31. Ka2 Rxa1+ 32. Kxa1 32... Bd7 $5 33. Rb4 h5 34. a5 $16) 30. axb5 dxc3
31. Bc5 31... Bf5 32. Ra4 32... Nd2 $6 (32... g5 $1 {Anand} 33. Rxc4 33... g4
$16) 33. Bd4 $1 33... Be6 34. Ra8+ Kf7 35. Rh8 Nf3 (35... Bf5 36. Rb8 Be4 37.
Bxc3 $18) 36. Bxc3 Ng5 37. f4 {
} 37... Ne4 38. Be5 h6 (38... Kg6 39. Re8 (39.
Rb8 Bd5) 39... Bd5 (39... Kf7 40. Rb8 Bd5 41. f5) 40. Re7) 39. Rb8 Bd5 40. f5
$1 $18 40... Nf6 (40... g6 41. Rh8) 41. Rc8 h5 42. Rc5 Be4 43. Rc7+ Kg8 44.
Bxf6 gxf6 45. Kd2 (45. Kd2 h4 46. Rxc4) 1-0

[Event "Corus-B"]
[Site "Wijk aan Zee"]
[Date "2001.01.27"]
[Round "10"]
[White "Nijboer, Friso"]
[Black "Harikrishna, Penteala"]
[Result "1-0"]
[WhiteElo "2578"]
[BlackElo "2514"]
[Annotator "Psakhis,L"]
[PlyCount "66"]
[EventDate "2001.01.13"]
[Source "ChessBase"]
[SourceDate "2001.03.20"]

1. e4 e6 2. d4 d5 3. Nc3 Bb4 4. e5 c5 5. a3 Bxc3+ 6. bxc3 Ne7 7. Qg4 O-O 8. Bd3
Nbc6 9. Qh5 Ng6 10. Nf3 Qc7 11. Be3 11... c4 {
The most popular answer, but in recent tournaments} (11... Nce7 $5 {
also happend few times}) 12. Bxg6 fxg6 13. Qg4 Qf7 ({Worth considering} 13...
Bd7 $5) 14. Ng5 Qe8 (14... Qf5 15. Qe2 Rd8 (15... Nxe5 $2 16. dxe5 Qxe5 17. Qd2
Bd7 18. O-O h6 19. f4 Qd6 20. Nf3 Rf5 21. Rae1 Raf8 22. Nh4 R5f6 23. Bd4 Rxf4
24. Rxf4 Qxf4 25. Qxf4 Rxf4 26. Nxg6 $18 {
1-0 Kasparov,G-Short,N/Munich Intel Express 1994 (35)}) 16. g4 Qf8 17. f4 h6
18. Nf3 Bd7 19. a4 Rdb8 20. O-O b5 21. axb5 Rxb5 22. Bc1 $14 {
-  Arakhamia,K-Peng/Tilgurg ct w(7) 1994 (37)}) 15. h4 Ne7 16. Qe2 16... Nf5
17. g4 $146 {A quite natural and strong move} ({After} 17. Bd2 17... h6 18. g4
Ne7 19. Nh3 Bd7 20. Rg1 Qf7 21. Rg3 Kh8 22. Nf4 Qg8 23. Be3 Qh7 24. Qd2 Rf7 25.
Ke2 Raf8 26. Rh1 26... Rxf4 $1 27. Bxf4 27... Ba4 {Dominguez,L-Harikrishna,P/
Istanbul olm 2000/  -  (67) Black managed to build a strong defensive position.
Nijboer doesn't care about his bishop and, maybe, he is right.}) 17... Nxe3 18.
Qxe3 h6 19. Nh3 Qe7 20. Qg3 Bd7 21. f4 {White slowly but surely improves his
position and Black can't organise any counterplay.} 21... Be8 22. Kd2 b5 23. f5
$1 {A nice breakthrough!} 23... gxf5 (23... exf5 24. g5 $1) 24. g5 $1 {
An excellent move, securing an outpost for the knight.
} 24... h5 25. g6 (25.
Nf4 $2 25... g6 $11) 25... f4 $8 (25... a5 26. Nf4 b4 27. Qf3 $1 $18) 26. Nxf4
Rf5 27. Rhf1 27... Bc6 $6 ({After} 27... Bd7 $5 $142 28. Rf3 Raf8 29. Raf1 Qxa3
30. Nxh5 30... b4 {Black still could fight}) 28. Rf3 a5 29. Raf1 29... b4 $4 (
29... Raf8 $8 {Was the last chance.}) 30. Nxe6 $1 $18 30... bxc3+ (30... Rxf3
31. Qxf3 Qxe6 32. Qxh5 bxc3+ 33. Kc1 $18) 31. Ke2 Bd7 32. Rxf5 Bxe6 33. Qf3 $1
33... Bxf5 (33... Bxf5 34. Qxf5 Qf8 35. Qxh5) 1-0

[Event "Elbow Beach Club GM-A"]
[Site "Paget Parish"]
[Date "2001.01.22"]
[Round "3"]
[White "Macieja, Bartlomiej"]
[Black "Shabalov, Alexander"]
[Result "1-0"]
[WhiteElo "2578"]
[BlackElo "2570"]
[Annotator "Konikowski"]
[PlyCount "139"]
[EventDate "2001.01.20"]
[Source "ChessBase"]
[SourceDate "2001.03.20"]

1. e4 e6 2. d4 d5 3. Nc3 Bb4 4. e5 Ne7 5. a3 Bxc3+ 6. bxc3 c5 7. Qg4 O-O 8. Bd3
f5 9. exf6 Rxf6 10. Bg5 Nd7 11. Qh4 h6 12. Bxf6 Nxf6 13. dxc5 e5 14. f3 14...
b6 $146 (14... Qc7 15. Ne2 (15. Qf2 Be6 16. Ne2 e4 17. fxe4 dxe4 18. Qf4 Ned5
19. Qxc7 Nxc7 20. Rb1 exd3 21. cxd3 Bd5 22. O-O Na6 23. d4 Nc7 24. Ng3 Rd8 25.
Nf5 Be4 26. Rbe1 Bxf5 27. Rxf5 Nb5 28. c6 bxc6 29. Rc5 29... Rd6 $13 {
Gallagher,J-McDonald,N/Hastings 1993/}) 15... Qxc5 16. Qb4 Qc7 17. Rb1 b6 18.
O-O Be6 19. Rbe1 a5 20. Qh4 Nf5 21. Qf2 Bd7 22. Ng3 Nxg3 23. Qxg3 Qxc3 24. Rxe5
Qxa3 25. Bg6 Qc5+ 26. Kh1 a4 27. Rfe1 Kh8 28. Re7 a3 29. Bd3 $36 {
Pupo,E-Alonso,R/CUB 1989/}) (14... e4 15. fxe4 Qa5 (15... dxe4 16. Bc4+ Kh8 17.
Ne2 Nf5 18. Qf4 $16 {Namyslo,H-Laengl,J/Willsbach 1997/}) 16. Ne2 dxe4 17. Bc4+
Kh8 18. Qf2 Nf5 19. h3 e3 20. Qf4 Qxc5 21. Bd3 Bd7 22. O-O Nh5 23. Qg4 Nf6 24.
Rxf5 {1-0 Enders,P-De Francesco,K/Passau 1998/}) 15. c6 (15. cxb6 $5 15... Qxb6
16. Ne2 $16) 15... Qd6 16. Ne2 Qxc6 (16... Nxc6 17. O-O $14) 17. O-O (17. c4 $5
) 17... Nf5 18. Bxf5 Bxf5 19. Rfc1 Rc8 20. h3 Bg6 21. Qg3 Kh7 22. Qxe5 Re8 23.
Nd4 Qxc3 24. Qf4 Nh5 25. Qh4 Re5 (25... Ng3 26. Qxg3 Qxd4+ 27. Qf2 $16) 26. Rd1
Qc5 (26... Bxc2 27. Rdc1 Qe3+ 28. Qf2 $16) 27. Rd2 (27. Kh2 $16) 27... Rg5 (
27... Qc3 28. Re1 Qxd2 29. Rxe5 $16) 28. a4 (28. Re1 $5) 28... Qd6 29. Qe1 Qf6
30. Rad1 Nf4 31. Kh1 Bh5 32. h4 (32. Kh2 $18) 32... Rg6 33. Kh2 Qd6 34. g3 Ne6
35. Nxe6 Rxe6 36. Qf2 Qe7 37. g4 Be8 38. Kg3 Bxa4 39. Rxd5 Bc6 40. R5d3 Bb5 41.
Rc3 h5 42. g5 Be2 (42... a6 43. Rd2 $16) 43. Rd2 Bb5 44. Qd4 Re1 45. g6+ (45.
Qf4 $5 $142) 45... Kxg6 46. Qd6+ Kh7 47. Qxe7 Rxe7 48. Kf2 Ba6 49. Rd5 g6 50.
Rd6 Bb7 51. Re3 Rc7 (51... Rf7 $5 $142) 52. Rde6 $1 $18 52... Rxc2+ 53. Re2 (
53. Kg3 $5) 53... Rxe2+ 54. Rxe2 Kh6 55. Re7 Bd5 56. Rd7 Bc4 57. Rxa7 b5 58.
Rb7 Bd3 59. Ke3 Bc4 60. f4 Bf1 61. Kd4 Be2 62. Ke5 Bd3 63. Kf6 Bc4 64. Rd7 Bb3
65. Rd2 Bc4 66. Rd8 Kh7 67. Kg5 Kg7 68. Rd7+ Kf8 69. Kxg6 b4 70. Rd4 (70. Rd4
Ba2 71. Rxb4 $18) 1-0

[Event "RUS-ch 54th"]
[Site "Elista"]
[Date "2001.05.04"]
[Round "5"]
[White "Smirnov, Pavel"]
[Black "Dolmatov, Sergey"]
[Result "1-0"]
[WhiteElo "2511"]
[BlackElo "2587"]
[Annotator "Psakhis,L"]
[PlyCount "67"]
[EventDate "2001.04.29"]
[Source "ChessBase"]
[SourceDate "2001.07.05"]

1. e4 e6 2. d4 d5 3. Nc3 Bb4 4. e5 c5 5. a3 Bxc3+ 6. bxc3 Ne7 7. Qg4 O-O 8. Bd3
Nbc6 9. Qh5 Ng6 10. Nf3 Qc7 11. Be3 11... Nce7 $5 ({More common is} 11... c4
12. Bxg6 fxg6 13. Qg4 $14) 12. h4 Bd7 13. a4 (13. Qg5 f6 14. exf6 Rxf6 15. h5
h6 16. Qg3 Nf4 17. Bxf4 Qxf4 18. Qxf4 Rxf4 19. Ne5 Be8 20. g3 20... Rf8 $11 {
Senff,M-Drasko,M/Metz op 2001/  -  (50)}) 13... b6 $5 $146 {
New and maybe not so bad move.} (13... f5 14. exf6 Rxf6 15. O-O c4 16. Bxg6
Nxg6 17. Qg5 e5 18. dxe5 Rxf3 19. gxf3 Rf8 20. Qg3 Qxe5 21. Qxe5 Nxe5 22. Rfd1
Nxf3+ 23. Kf1 Rf5 24. Bxa7 $14 {
Anand,V-Lputian,S/FIDE-Wch New Delhi/Theran 2000/CBM 81/ 1-0 (45)}) 14. Qg4 f5
15. Qh3 $5 ({Natural} 15. exf6 15... Rxf6 16. h5 {
is not dangerous for Black because of cool and strong} 16... cxd4 $1 17. hxg6 (
17. Bxd4 $2 17... e5 18. Qg3 Rxf3 19. Qxf3 19... Rf8 $19) 17... dxe3 18. gxh7+
(18. Rxh7 $2 18... Qxc3+ 19. Ke2 Qxa1 20. Qh5 Kf8 21. Rh8+ Ng8 22. Qh7 22...
Ke7 $19) 18... Kh8 19. fxe3 19... e5 $36) 15... f4 (15... cxd4 $5 16. cxd4 Qc3+
17. Ke2 17... Nc6 $132) 16. Bd2 Nf5 17. O-O Qd8 18. h5 Ngh4 19. Nh2 {
Interesting idea.Smirnov avoids knights exchange.} (19. Nxh4 Nxh4 (19... Qxh4
$4 20. Bxf5 $18) 20. Qg4 {
looked very good for White, but Black has strong reply} 20... c4 21. Be2 21...
f3 $1 22. gxf3 (22. Bg5 fxe2 23. Bxd8 exf1=Q+ 24. Rxf1 24... Nf3+ $1 25. gxf3
25... Raxd8 {with reasonable compensation for a queen.}) 22... Nf5 $44) 19...
cxd4 {It is difficult to find another move.} (19... Qg5 $6 $143 20. g3 20...
Nxg3 $8 21. fxg3 Qxg3+ 22. Qxg3 22... fxg3 {just look cool- after} 23. Ng4 Nf3+
24. Rxf3 Rxf3 25. h6 $1 $16 {white's advantage is obvious.}) 20. cxd4 $6 ({
Worth considering} 20. Bxf4 $5 {
and Black can get problem with knights in nearest future.}) 20... Nxd4 21. h6 (
21. Qg4 $5 $13) 21... Qg5 (21... gxh6 $5) 22. hxg7 Kxg7 (22... Rf7 $5 {
with the idea to capture on g7 with the rook looked better.} 23. Ng4 Rxg7 24.
Nf6+ 24... Kh8 $36) 23. Kh1 23... Ng6 (23... Be8 24. g3 Nhf5 25. Bxf4 $16) 24.
Ng4 Nf5 25. Nf6 25... Rxf6 $1 26. exf6+ Kxf6 27. c4 $1 {
Trying to open second front in the center of the board.} 27... e5 ({
Worth consideration} 27... dxc4 28. Bxc4 e5 29. Qh2 29... Rd8 $132 {
with full compensation for exchange.}) 28. Qh2 Bc6 29. cxd5 Bxd5 30. Rfe1 30...
Nh6 {'?!'} ({After natural} 30... Rd8 $1 $132 {
Dolmatov could ger great counterplay.}) 31. f3 31... Nh4 ({Still} 31... Rd8 $1
{was a good idea.}) 32. Rxe5 $1 {
A terrific blow, which completely refutes Black's strategy.} 32... Qxe5 (32...
Kxe5 33. Bxf4+ $1 33... Qxf4 34. Re1+ $18) 33. Qxh4+ Qg5 (33... Kf7 34. Rc1 $18
) 34. Bc3+ 1-0

[Event "SWE-ch"]
[Site "Linkoping"]
[Date "2001.07.13"]
[Round "13"]
[White "Wedberg, Tom"]
[Black "Berg, Emanuel"]
[Result "1/2-1/2"]
[WhiteElo "2505"]
[BlackElo "2474"]
[Annotator "Psakhis,L"]
[PlyCount "92"]
[EventDate "2001.06.30"]
[Source "ChessBase"]
[SourceDate "2001.11.13"]

1. e4 e6 2. d4 d5 3. Nc3 Bb4 4. e5 c5 5. a3 Bxc3+ 6. bxc3 6... Qc7 {
Avoiding dangerous} (6... Ne7 7. Qg4) 7. Qg4 f5 8. Qh5+ (8. Qg3 8... Ne7 $5 {
Leads to big complication.Text is more solid}) 8... g6 9. Qd1 Bd7 10. Nf3 Ba4
11. Rb1 ({Weaker is} 11. Bd3 $6 11... cxd4 12. cxd4 {
and Black can use nice tactical idea -} 12... Qc3+ 13. Bd2 13... Qxd3 $1 14.
cxd3 Bxd1 15. Kxd1 Nc6 16. Rb1 b6 17. h4 h6 18. Ke2 Nge7 19. Rhc1 19... Kd7 $11
{1-0 Kovacevic,A-Zlotnik,B/Mallorca op 2000/The Week in Chess 318 (45)}) (11.
Bd2 Nc6 12. Bd3 h6 13. h4 Nge7 14. Qc1 O-O-O 15. Rh3 Rh7 16. Kf1 Rdh8 17. Kg1
c4 18. Be2 Nd8 19. g3 Nec6 20. Nh2 g5 21. g4 $6 21... h5 $1 $36 {
0-1 Zhao Zong Yuan-Berg,E/Wch B20 Athens 2001/The Week in Chess 354 (79)})
11... Nc6 $146 (11... Nd7 12. Be2 (12. dxc5 $5 12... Nxc5 13. Be3 Ne4 14. Qd4
Nxc3 15. Bd2 $1 $40 {
1-0 Groszpeter,A-Atanu,L/Paks GM 2000/The Week in Chess 304 (21)}) 12... h6 13.
dxc5 Nxc5 14. Rb4 Bd7 15. O-O Ne4 16. Bd3 Ne7 17. Nd4 Nxc3 18. Qe1 Na2 19. Rb3
Nxc1 20. Qxc1 b6 21. Bb5 Kf7 22. a4 Rad8 23. Re1 a6 24. Bxd7 Rxd7 25. Qb2 Rb8
26. Rh3 Ng8 27. Rc3 27... Qb7 {
Timman,J-Shaked,T/Merrillville 71/303 1997/Inf 71/[Timman,J]/1-0 (41)}) (11...
c4 12. g4 $5 12... fxg4 13. Ng5 Qc6 14. h3 g3 15. fxg3 h6 16. Nf3 Na6 17. Bg2
O-O-O 18. O-O 18... Rf8 {Pedzich,D-Matlak,M/POL-ch 1996/[Hecht]/ -  (61)}) 12.
dxc5 $5 {Interesting move. Having two bishops, White are trining to open game.}
12... h6 13. h4 Rh7 14. Rh3 $5 (14. Bf4 Qa5 15. Qd2 Qxc5) 14... Nxe5 (14...
O-O-O 15. Nd4) 15. Nxe5 Qxe5+ 16. Re3 16... Qf6 17. Qxd5 {Finally White got
initiative, but black's defensive chances could't be understimated.} 17... Re7
(17... Qxc3+ 18. Rxc3 exd5 19. Bf4 $36) 18. Qd4 Bxc2 19. Rb2 Qxd4 ({
Worth considering} 19... Be4 $5 20. Bb5+ 20... Kf7 $13 {with unclear game.})
20. cxd4 20... Be4 21. Bc4 O-O-O (21... Rd8 $5) 22. Rb4 Nf6 23. Rg3 (23. f3 Bd5
) 23... a5 (23... Rxd4 $2 24. Bxe6+) 24. Rb6 Rxd4 25. Bxe6+ Nd7 26. Bb2 $2 ({
After correct} 26. Rxg6 $142 26... Bd5 27. Be3 Bxe6 28. Rgxe6 Rxe6 29. Rxe6
Rxh4 30. c6 $16 {
white's advantage is obvious and it will be not so easy for Black to save game.
}) 26... Ra4 $6 ({I don,t think that White could get something real after} 
26... Bc6 $1 $142 27. Rxc6+ (27. Bxd4 Rxe6+ 28. Re3 Rxe3+ 29. Bxe3 Nxb6 30.
cxb6 30... Bxg2 $11) 27... bxc6 28. Bxd4 28... Rxe6+ {for example:} 29. Re3
Rxe3+ 30. Bxe3 h5 31. Kd2 Nf8 32. Kc3 Ne6 33. g3 Kb7 34. a4 34... Ka6 $11) 27.
Rxg6 Kc7 28. Bxd7 Bc6+ 29. Re6 $6 {Missing last real chance for advantage.} (
29. Kf1 $1 $142 29... Kxd7 (29... Rae4 30. Kg1) 30. Rxh6 $16) 29... Kxd7 30.
Rxe7+ Kxe7 31. g3 31... Rc4 $11 32. Rb3 32... Rxc5 {Chances are equal now.} 33.
Re3+ Kd6 34. Kd2 Be4 35. Bc3 Rd5+ 36. Ke2 b6 37. f3 Bc2 38. Bg7 Bd1+ 39. Ke1 h5
40. Rc3 b5 41. Bh6 Kd7 (41... b4 42. axb4 axb4 43. Bf8+) 42. Bd2 Ba4 (42... b4
43. axb4 axb4 44. Re3) 43. Re3 43... Rd6 $1 44. Bxa5 Re6 45. Kf2 Rxe3 46. Kxe3
Bd1 1/2-1/2

[Event "Asia-ch"]
[Site "Kolkata"]
[Date "2001.08.13"]
[Round "5"]
[White "Al Modiahki, Mohamad"]
[Black "Barsov, Alexei"]
[Result "0-1"]
[WhiteElo "2492"]
[BlackElo "2495"]
[Annotator "Psakhis,L"]
[PlyCount "54"]
[EventDate "2001.08.09"]
[Source "ChessBase"]
[SourceDate "2001.11.13"]

1. e4 e6 2. d4 d5 3. Nc3 Bb4 4. e5 Ne7 5. Qg4 c5 6. dxc5 $5 {
This move became recently quite popular, thank's to efforts od Emil Sutovsky.}
6... Nbc6 ({Worth considering} 6... Bxc3+ 7. bxc3 7... Ng6 $13) 7. Bd2 O-O 8.
O-O-O (8. Nf3 Ng6 9. O-O-O Bxc5 10. Qh5 Bd7 11. Kb1 Qe8 12. Be3 Bxe3 13. fxe3
Qe7 14. Bd3 Nb4 15. Ne2 Nxd3 16. cxd3 f6 17. Nf4 17... Be8 $15 {
0-1 Borgo,G-Komarov,D/Reggio Emilia 1999/CBM 69 (33)}) 8... f5 9. exf6 Rxf6 10.
Bd3 10... b6 $5 $146 {Interesting novelty. Barsov hopes to get active game on
the   as a compensation for the pawn.} (10... Qf8 11. Nf3 e5 12. Qh4 h6 13.
Nxe5 Nxe5 14. Qxb4 Nxd3+ 15. cxd3 Nc6 16. Qb3 Be6 17. Rhe1 Bf7 18. Qa3 $14 {
Sutovsky,E-Hansen,C/Essen-A 2000/The Week in Chess 287/ -  (114)}) (10... Bxc5
11. Bg5 Rf7 12. Nf3 Qf8 13. Be3 Nf5 14. Bxc5 Qxc5 15. Rhe1 $36 {
Richardson,K-Hyldkrog,L/cr 1981/1-0 (54)}) 11. a3 ({
Black doing well in the case of} 11. cxb6 11... Qxb6 12. Be3 12... d4 $1 13.
Ne4 13... Rg6 $132) 11... Bxc3 12. Bxc3 e5 13. Qg3 (13. Qh4 Bf5 14. Bxf5 Nxf5
15. Qh5 d4 16. Bd2 16... Qd5) 13... Bf5 {
Exhanging bishop d3 - one of the dangerous white piece.} (13... d4 14. Bd2) 14.
f4 $6 {Black gets great game after this move. Al Modiahki should play} (14.
Bxe5 Rg6 15. Bxf5 $5 15... Rxg3 16. Be6+ Kh8 17. Bxg3 bxc5 18. Nf3 {
with more than sufficient compensation for the queen.}) 14... Rg6 15. Qf2 Bxd3
16. Rxd3 d4 17. fxe5 17... bxc5 {
Black's pieces are too active and White needs already good advice.} 18. Nf3
18... Qd5 $44 19. b3 (19. Kb1 Rb8) 19... a5 20. a4 Nf5 (20... c4 21. bxc4 21...
Qxc4 $36 {was good enough}) 21. Rf1 h5 22. Bb2 $2 {Final mistake.} (22. Rdd1 $5
$17) 22... Nb4 23. Rd2 ({After stubborn} 23. Ne1 23... Nxd3+ 24. Nxd3 Ne3 25.
Nf4 Qf7 26. e6 (26. Nxg6 Nxf1 27. Qxf7+ Kxf7 28. Nf4 28... g5 $19) 26... Rxe6
27. Nxe6 Nxf1 28. Qxf7+ 28... Kxf7 {
Black will need , at least , good technique.} 29. Nxc5 29... Rd8 $17) 23... Ne3
24. Rg1 (24. Qxe3 dxe3 25. Rxd5 Nxd5 26. g3 26... Rf8 $17) (24. Nh4 Rg5) 24...
Nexc2 $1 $19 {Rest is simple.} 25. Rxc2 $2 (25. Nh4 25... Re6 $19) 25... Nd3+
26. Kb1 Nxf2 27. Rxf2 Qxb3 0-1